Países estabelecidos pelos vikings - Statistics

Estatísticas Gerais
  • Esse quiz foi jogado 161 vezes
    155 desde o último reset
  • A pontuação média é 15 de 20
Estatísticas das Respostas
Data de Liquidação País % Correto
Before 800 Suecia
99%
Before 800 Noruega
97%
Before 800 Finlândia (Åland)
95%
Before 800 Dinamarca
93%
800-900 Islândia
93%
800-900 Polônia
85%
800-900 Rússia
85%
800-900 Reino Unido
84%
Before 800 Alemanha
81%
800-900 Irlanda
80%
900-1000 França
79%
800-900 Lituânia
76%
Before 800 Estônia
75%
800-900 Letónia
73%
900-1000 Ucrânia
71%
1000- Italia
64%
900-1000 Bielorrussia
63%
1000- Canada
57%
1000- Turquía / Bulgaria
46%
1000- Malta
21%
Nenhum quiz correspondente encontrado
Distribuição das Pontuações
Porcentagem de Pessoas com Cada Pontuação
Percentil de Números Respondidos
Sua Pontuação Histórica
Você não jogou esse quiz desde o último reset